00438pab a2200157 454500008004000000100001800040245006200058260000900120300001500129362000800144650003600152650002500188650001700213700001400230773003600244180718b2010 xxu||||| |||| 00| 0 eng d aKaul, Sushila aImpact of urbanisation on agriculture production of India c2010 ap.337-341. aSep aAgricultural production - India aUrbanization - India aUrbanization aGhasi Ram aAgricultural Situation in India